LIBRARY & INFORMATION CENTRE, KCAET, TAVANUR

ONLINE PUBLIC ACCESS CATALOGUE (OPAC)

watershed management / (Record no. 13083)

MARC details
000 -LEADER
fixed length control field 00511cam a2200205ua 4500
041 ## - LANGUAGE CODE
Language code of text/sound track or separate title eng
082 ## - DEWEY DECIMAL CLASSIFICATION NUMBER
Classification number 551.492
Item number RED/WA
100 ## - MAIN ENTRY--AUTHOR NAME
Personal name Reddy, V V R etal. .
245 ## - TITLE STATEMENT
Title watershed management /
260 ## - PUBLICATION, DISTRIBUTION, ETC. (IMPRINT)
Place of publication Udaypur :
Name of publisher Agro-tech publishing academy ,
Year of publication 2008.
300 ## - PHYSICAL DESCRIPTION
Number of Pages 200 ;
Accompanying material `.
942 ## - ADDED ENTRY ELEMENTS (KOHA)
Koha item type Books
Holdings
Withdrawn status Lost status Damaged status Home library Current library Date acquired Full call number Accession Number Koha item type
      KAUAET KAUAET 07/04/2012 551.492 RED/WA 21546 Books
      KAUAET KAUAET 07/04/2012 551.492 RED/WA 21500 Books
      KAUAET KAUAET 07/04/2012 551.492 RED/WA 21714 Books
      KAUAET KAUAET 07/04/2012 551.492 RED/WA 22047 Books
free website counter